| 000 | 00923nam a22002297a 4500 | ||
|---|---|---|---|
| 005 | 2010081707467.0 | ||
| 010 | _aENG-100723 | ||
| 020 |
_c1950.00 _a0195689674 |
||
| 020 |
_c1950.00 _a9780195689679 |
||
| 035 | _aEN-84256 | ||
| 037 | _bDBAD/PUB | ||
| 082 | _a954 | ||
| 245 |
_aHistory of science, philosophy and culture in Indian civilization / _cedited by D.P. Chattopadhyaya [and] Sabyasachi Bhattacharya |
||
| 260 |
_aNew Delhi _bOxford University Press _c2007 |
||
| 270 |
_bNew Delhi _aYMCA Library Building, Jai Singh Road _e110001 |
||
| 300 |
_av.10 pt.5 (xliv,419p.) _c28cm (Hb) |
||
| 505 | _aV.10 - Development of modern Indian thought and the social sciences | ||
| 700 |
_aChattopadhyaya, D.P. _914508 |
||
| 700 |
_aBhattacharya, Sabyasachi _914509 |
||
| 942 |
_2ddc _cEN _h954 _mHIS |
||
| 999 |
_c42329 _d42329 |
||